| 000 | 00400nam a2200145 4500 | ||
|---|---|---|---|
| 001 | 117019 | ||
| 003 | ES-MaACL | ||
| 005 | 20230906190819.0 | ||
| 007 | t| | ||
| 008 | 071121s1933 sz r ||||1| fre d | ||
| 245 | 0 | 0 |
_aBureau international du travail _b: pensions non contributives. |
| 260 |
_aGeneve : _bOffice de Publicité, _c1933. |
||
| 300 |
_a172 p. ; _c24 cm. |
||
| 852 |
_aES-MaACL _j1764-F-3 |
||
| 999 |
_c117019 _d117019 |
||